[Event "Paracin op-A 17th"]
[Site "Paracin"]
[Date "2024.07.06"]
[Round "4"]
[White "Atasoy, Ata"]
[Black "Ignat, Matei Marius"]
[Result "1/2-1/2"]
[WhiteElo "1935"]
[BlackElo "2099"]
[PlyCount "67"]
[EventDate "2024.07.03"]
[EventType "swiss"]
[EventRounds "9"]
[EventCountry "SRB"]
[SourceTitle "CBM 221 Extra"]
[Source "ChessBase"]
[SourceDate "2024.09.30"]
[SourceVersion "1"]
[SourceVersionDate "2024.09.30"]
[SourceQuality "1"]

1. e4 e6 2. d4 d5 3. Nd2 c5 4. exd5 Qxd5 5. Ngf3 cxd4 6. Bc4 Qd6 7. 0-0 Nf6 8. Nb3 Nc6 9. Nbxd4 Nxd4 10. Nxd4 Be7 11. c3 0-0 12. Qf3 Qc7 13. Bb3 a5 14. a4 Bd7 15. Re1 Qb6 16. Bg5 Rfe8 17. h3 Bc6 18. Nxc6 bxc6 19. Bc4 Nd5 20. Bxd5 cxd5 21. Bxe7 Rxe7 22. c4 Rd7 23. cxd5 Rxd5 24. Red1 Rad8 25. Rxd5 exd5 26. Rd1 d4 27. b3 g6 28. Rd3 h5 29. Qe4 Qd6 30. g3 Kg7 31. h4 Rd7 32. Kg2 Kh7 33. Kg1 Kg7 34. Kg2 1/2-1/2

[Event "Paracin op-A 17th"]
[Site "Paracin"]
[Date "2024.07.06"]
[Round "5"]
[White "Kisic, Jovan"]
[Black "Atasoy, Ata"]
[Result "1/2-1/2"]
[WhiteElo "2096"]
[BlackElo "1935"]
[PlyCount "41"]
[EventDate "2024.07.03"]
[EventType "swiss"]
[EventRounds "9"]
[EventCountry "SRB"]
[SourceTitle "CBM 221 Extra"]
[Source "ChessBase"]
[SourceDate "2024.09.30"]
[SourceVersion "1"]
[SourceVersionDate "2024.09.30"]
[SourceQuality "1"]

1. Nf3 Nf6 2. g3 d5 3. Bg2 Bg4 4. d4 e6 5. c4 c6 6. cxd5 cxd5 7. 0-0 Nc6 8. Nbd2 Qb6 9. Nb3 Be7 10. Be3 0-0 11. Ne5 Bf5 12. h3 h6 13. g4 Bh7 14. a4 Qc7 15. Rc1 Nd7 16. Bf4 Ndxe5 17. Bxe5 Bd6 18. f4 Bxe5 19. fxe5 Qe7 20. Qe1 Rac8 21. Qg3 1/2-1/2

[Event "Paracin op-A 17th"]
[Site "Paracin"]
[Date "2024.07.04"]
[Round "2"]
[White "Atasoy, Ata"]
[Black "Todev, Simeon"]
[Result "1/2-1/2"]
[WhiteElo "1935"]
[BlackElo "2138"]
[PlyCount "77"]
[EventDate "2024.07.03"]
[EventType "swiss"]
[EventRounds "9"]
[EventCountry "SRB"]
[SourceTitle "CBM 221 Extra"]
[Source "ChessBase"]
[SourceDate "2024.09.30"]
[SourceVersion "1"]
[SourceVersionDate "2024.09.30"]
[SourceQuality "1"]

1. e4 e6 2. d4 d5 3. Nd2 c5 4. exd5 Qxd5 5. Ngf3 cxd4 6. Bc4 Qd7 7. 0-0 Nc6 8. Nb3 a6 9. Nbxd4 Nxd4 10. Nxd4 Nf6 11. Re1 Qc7 12. Qe2 Be7 13. Bg5 0-0 14. c3 Re8 15. Bd3 Bd7 16. Bh4 Nd5 17. Bxe7 Rxe7 18. Qe4 g6 19. Qh4 e5 20. Nf3 Bc6 21. Bc4 Nf4 22. Ng5 h5 23. Bf1 e4 24. Nh3 Nxh3+ 25. Qxh3 Kh7 26. Qe3 f5 27. g3 Rf8 28. Qf4 Qxf4 29. gxf4 g5 30. fxg5 f4 31. h4 e3 32. fxe3 fxe3 33. Rad1 Rf3 34. Rd6 Re5 35. Rf6 Rxf6 36. gxf6 Kg6 37. Bg2 Kxf6 38. Bxc6 bxc6 39. Kg2 1/2-1/2

[Event "Paracin op-A 17th"]
[Site "Paracin"]
[Date "2024.07.03"]
[Round "1"]
[White "Devnani, Kush"]
[Black "Atasoy, Ata"]
[Result "1-0"]
[WhiteElo "2250"]
[BlackElo "1935"]
[PlyCount "127"]
[EventDate "2024.07.03"]
[EventType "swiss"]
[EventRounds "9"]
[EventCountry "SRB"]
[SourceTitle "CBM 221 Extra"]
[Source "ChessBase"]
[SourceDate "2024.09.30"]
[SourceVersion "1"]
[SourceVersionDate "2024.09.30"]
[SourceQuality "1"]

1. d4 d5 2. c4 c6 3. Nc3 Nf6 4. e3 e6 5. Nf3 Nbd7 6. Qc2 Be7 7. Bd3 0-0 8. 0-0 b6 9. b3 Bb7 10. Bb2 Rc8 11. Rfd1 Qc7 12. Rac1 Qb8 13. Qe2 h6 14. Ne5 Nxe5 15. dxe5 Nd7 16. f4 Nc5 17. Bb1 dxc4 18. bxc4 b5 19. Ba3 Ba6 20. Bxc5 Bxc5 21. Ne4 Qb6 22. Nxc5 Qxc5 23. cxb5 Bxb5 24. Rxc5 Bxe2 25. Rd2 Bb5 26. Bc2 Rc7 27. Kf2 Rfc8 28. Rd4 Kf8 29. Be4 Ke7 30. g4 g6 31. Ke1 Rd8 32. Kd2 Rdd7 33. Kc3 Kd8 34. f5 gxf5 35. gxf5 exf5 36. Bxf5 Rd5 37. Kb4 a5+ 38. Kb3 Rxd4 39. exd4 Rb7 40. Kc3 Kc7 41. Bc2 Kb6 42. a4 Ba6 43. Be4 Rc7 44. Kd2 Bc8 45. Rc3 c5 46. Rb3+ Ka6 47. d5 c4 48. Re3 Bd7 49. Bc2 Rc5 50. d6 Kb6 51. Kc3 Be6 52. Re1 Ka6 53. Rd1 Bd7 54. Kd4 Rc8 55. Rb1 Ka7 56. Be4 Bxa4 57. Rb7+ Ka6 58. Rxf7 Rb8 59. e6 Rd8 60. Kc5 Rb8 61. d7 c3 62. Bd3+ Bb5 63. d8Q c2 64. Qd6+ 1-0

[Event "TUR Cup"]
[Site "Denizli"]
[Date "2023.07.22"]
[Round "9"]
[White "Atasoy, Ata"]
[Black "Banci, Dogancan"]
[Result "1-0"]
[WhiteElo "1909"]
[BlackElo "1677"]
[PlyCount "181"]
[EventDate "2023.07.16"]
[EventType "team-tourn"]
[EventRounds "9"]
[EventCountry "TUR"]
[SourceTitle "CBM 215 Extra"]
[Source "ChessBase"]
[SourceDate "2023.09.30"]
[SourceVersion "1"]
[SourceVersionDate "2023.09.30"]
[SourceQuality "1"]

1. e4 e6 2. d4 d5 3. e5 c5 4. c3 Nc6 5. Nf3 Bd7 6. a3 Qb6 7. b4 cxd4 8. cxd4 Rc8 9. Be2 Nh6 10. Bxh6 gxh6 11. 0-0 Bg7 12. Qd2 a5 13. b5 Ne7 14. Nc3 Qd8 15. Na4 b6 16. Rac1 0-0 17. Bd3 Rxc1 18. Rxc1 Qb8 19. g3 Rc8 20. Rxc8+ Nxc8 21. Qc2 Na7 22. Nc3 Qc7 23. a4 Bf8 24. Nxd5 Qxc2 25. Nf6+ Kg7 26. Bxc2 Bxb5 27. axb5 Nxb5 28. d5 exd5 29. Nxd5 Na3 30. Bd3 b5 31. Nd4 b4 32. Nf5+ Kh8 33. Nd6 Kg7 34. Nc4 b3 35. Nxa3 Bxa3 36. Bc4 b2 37. Ba2 Kg6 38. Bb1+ Kg7 39. Ne3 Bc5 40. Nc4 Bd4 41. Nxa5 Bxe5 42. Nc4 Bc3 43. Kf1 h5 44. Ke2 Kh6 45. Kd3 Be1 46. Nxb2 Bxf2 47. Ke2 Bg1 48. h3 Bd4 49. Nd3 h4 50. g4 Kg5 51. Ba2 f5 52. gxf5 Kxf5 53. Kf3 h6 54. Bd5 Kg5 55. Nf4 Bb6 56. Ne2 Ba5 57. Ke4 Be1 58. Be6 Kf6 59. Bd7 Bd2 60. Kf3 Kg5 61. Nd4 Kf6 62. Kg4 Bg5 63. Kh5 Kg7 64. Bf5 Kf6 65. Bc8 Kg7 66. Ba6 Kf6 67. Bd3 Kg7 68. Bg6 Kh8 69. Ne6 Kg8 70. Be8 Kh7 71. Bf7 Kh8 72. Kg6 Bc1 73. Ng7 Bd2 74. Nf5 Bg5 75. Be6 Bd2 76. Nxh4 Bg5 77. Nf3 Bc1 78. Ne5 Bd2 79. Nf7+ Kg8 80. Nxh6+ Kh8 81. Nf7+ Kg8 82. h4 Bc1 83. h5 Bb2 84. h6 Kf8 85. h7 Ke7 86. Bb3 Bc3 87. Nh6 Kf8 88. Ng4 Ke7 89. Bc4 Ba1 90. Ne3 Kf8 91. Nd5 1-0

[Event "TUR Cup"]
[Site "Denizli"]
[Date "2023.07.16"]
[Round "1"]
[White "Bacak, Muhammed Kaan"]
[Black "Atasoy, Ata"]
[Result "0-1"]
[WhiteElo "2082"]
[BlackElo "1909"]
[PlyCount "122"]
[EventDate "2023.07.16"]
[EventType "team-tourn"]
[EventRounds "9"]
[EventCountry "TUR"]
[SourceTitle "CBM 215 Extra"]
[Source "ChessBase"]
[SourceDate "2023.09.30"]
[SourceVersion "1"]
[SourceVersionDate "2023.09.30"]
[SourceQuality "1"]

1. c4 c6 2. Nf3 d5 3. e3 Nf6 4. Nc3 g6 5. d4 Bg7 6. Be2 0-0 7. 0-0 Nbd7 8. Qc2 Nb6 9. c5 Nbd7 10. b4 a6 11. a4 Re8 12. Bb2 e5 13. b5 exd4 14. exd4 Ne4 15. Nxe4 Rxe4 16. Bd3 Re8 17. bxc6 bxc6 18. Rfe1 Rxe1+ 19. Rxe1 Nf8 20. Ne5 Bxe5 21. dxe5 Ne6 22. g3 Qa5 23. Rc1 Rb8 24. Ba1 Qb4 25. h4 Qb3 26. Qe2 Qxa4 27. h5 a5 28. hxg6 hxg6 29. Kg2 Qa3 30. Qc2 Kg7 31. Qd2 Bd7 32. Rh1 Rh8 33. Rxh8 Kxh8 34. Qh6+ Kg8 35. Bxg6 fxg6 36. Qxg6+ Kf8 37. Qf6+ Ke8 38. Qh8+ Ke7 39. Qf6+ Ke8 40. Qh8+ Nf8 41. Qh5+ Kd8 42. Qh4+ Ke8 43. Qh5+ Kd8 44. Qh4+ Kc7 45. e6 Nxe6 46. Be5+ Kb7 47. Qh7 Nxc5 48. Qe7 Qb4 49. Qd6 Qe4+ 50. Kh2 Qh7+ 51. Kg1 Qb1+ 52. Kh2 Qc2 53. Qc7+ Ka6 54. Bd4 Qh7+ 55. Kg1 Qb1+ 56. Kh2 Qb7 57. Qe5 Nb3 58. Be3 Bg4 59. Qf4 Qh7+ 60. Kg1 Qe4 61. Qb8 d4 0-1

[Event "TUR-chT 2nd League"]
[Site "Konya"]
[Date "2022.08.23"]
[Round "3.1"]
[White "Atasoy, Ata"]
[Black "Cansun, Can Alp"]
[Result "1/2-1/2"]
[WhiteElo "1945"]
[BlackElo "2148"]
[PlyCount "144"]
[EventDate "2022.08.22"]
[EventType "team-swiss"]
[EventRounds "9"]
[EventCountry "TUR"]
[SourceTitle "CBM 210 Extra"]
[Source "ChessBase"]
[SourceDate "2022.11.30"]
[SourceVersion "1"]
[SourceVersionDate "2022.11.30"]
[SourceQuality "1"]
[WhiteTeam "Guzelbahce Altyapi"]
[BlackTeam "Bursa Deneyim"]
[WhiteTeamCountry "TUR"]
[BlackTeamCountry "TUR"]

1. e4 c5 2. Nf3 Nc6 3. Bb5 g6 4. Bxc6 dxc6 5. d3 Bg7 6. h3 e5 7. 0-0 Qe7 8. a4 Nf6 9. Qe2 Nd7 10. Be3 Nf8 11. Nbd2 Ne6 12. Nc4 Nd4 13. Nxd4 cxd4 14. Bc1 Be6 15. b3 0-0 16. f4 exf4 17. Bxf4 Rad8 18. a5 Rfe8 19. Qd2 Bxc4 20. bxc4 Rd7 21. Rf3 Qc5 22. Raf1 Be5 23. Qf2 Bxf4 24. Rxf4 Ree7 25. Qd2 Re5 26. Qf2 Qe7 27. Ra1 h5 28. Rf6 Rd6 29. Rf4 Kg7 30. Kh1 f6 31. Qd2 Qd8 32. Qb4 Rd7 33. Rf3 Qe7 34. Qd2 Rg5 35. Raf1 Rd6 36. Qb4 Re5 37. Qd2 Qc7 38. Ra1 c5 39. Kg1 Ra6 40. Rff1 Rae6 41. Rab1 b6 42. axb6 Rxb6 43. Ra1 a6 44. Ra5 Rg5 45. Rfa1 Qb7 46. Qf4 h4 47. Rf1 Rh5 48. Kh2 Re6 49. Raa1 Rh8 50. Qg4 Qc7+ 51. Kh1 Rb6 52. Ra5 Rd6 53. Qf4 g5 54. Qh2 Qe7 55. Rxc5 Re8 56. Qg1 Rh8 57. Qf2 Rd7 58. Qf5 Re8 59. Ra1 Qe6 60. Qf2 Rb8 61. Re1 Rb2 62. Rf5 Rdb7 63. Rf1 Rb1 64. Qxd4 Qxf5 65. exf5 Rxf1+ 66. Kh2 Rbb1 67. Qa7+ Kh6 68. g4 Rbe1 69. Kg2 Rf4 70. Qf7 Re2+ 71. Kg1 Re1+ 72. Kg2 Re2+ 1/2-1/2

[Event "EU-ch Amateur Online Final 2000/2300"]
[Site "Tornelo INT"]
[Date "2021.04.28"]
[Round "1"]
[White "Samaridis, Konstantinos"]
[Black "Atasoy, Ata"]
[Result "1-0"]
[WhiteElo "2081"]
[BlackElo "1636"]
[PlyCount "147"]
[EventDate "2021.04.28"]
[EventType "swiss (rapid)"]
[EventRounds "9"]
[EventCountry "NET"]
[SourceTitle "EXT 2023"]
[Source "ChessBase"]
[SourceDate "2022.10.05"]
[SourceVersion "1"]
[SourceVersionDate "2022.10.05"]
[SourceQuality "1"]

1. e4 c5 2. Nf3 e6 3. d4 cxd4 4. Nxd4 a6 5. c4 Nf6 6. Nc3 Qc7 7. a3 b6 8. Be3 Bb7 9. f3 Be7 10. Be2 0-0 11. 0-0 d6 12. Qd2 Nbd7 13. b4 Rac8 14. Rac1 Rfe8 15. Rfd1 Qb8 16. Nb3 Kh8 17. Bf1 Rg8 18. Na4 Ba8 19. Qf2 Bd8 20. b5 a5 21. Nd4 Nc5 22. Nxc5 dxc5 23. Ne2 g5 24. Kh1 Bc7 25. Ng3 g4 26. e5 Bxe5 27. f4 Bc7 28. Bd3 Rg7 29. Rf1 Rd8 30. Bb1 Nd7 31. Nh5 Rgg8 32. Qb2+ e5 33. Qc2 e4 34. Qb2+ f6 35. Nxf6 Nxf6 36. Qxf6+ Rg7 37. g3 Rf8 38. Qb2 Kg8 39. Rcd1 Rd8 40. Bc2 Rgd7 41. Rxd7 Rxd7 42. Qf6 Qf8 43. Qe6+ Qf7 44. Qxg4+ Qg7 45. Qxg7+ Kxg7 46. Rd1 Rxd1+ 47. Bxd1 Kf6 48. Bg4 Bb7 49. Kg2 Bd6 50. Kf2 Bf8 51. Bd2 Kg6 52. Bc3 h5 53. Bh3 Bh6 54. Ke3 h4 55. Bg2 hxg3 56. hxg3 Kf5 57. Bh3+ Kg6 58. g4 Bc8 59. Kxe4 Bb7+ 60. Ke3 Bc8 61. Be5 Bf8 62. f5+ Kg5 63. Kf3 Bb7+ 64. Kg3 a4 65. Bf4+ Kf6 66. g5+ Kg7 67. Be5+ Kf7 68. g6+ Kg8 69. f6 Kh8 70. Be6 Bf3 71. g7+ Kh7 72. g8Q+ Kh6 73. Bf4+ Kh5 74. Qg5# 1-0

[Event "EU-ch Amateur Online Final 1400/1700"]
[Site "Tornelo INT"]
[Date "2021.04.18"]
[Round "8"]
[White "Gkoutzouki, Aikaterini Argyro"]
[Black "Atasoy, Ata"]
[Result "1/2-1/2"]
[WhiteElo "1386"]
[BlackElo "1636"]
[PlyCount "59"]
[EventDate "2021.04.18"]
[EventType "swiss (rapid)"]
[EventRounds "9"]
[EventCountry "NET"]
[SourceTitle "EXT 2023"]
[Source "ChessBase"]
[SourceDate "2022.10.05"]
[SourceVersion "1"]
[SourceVersionDate "2022.10.05"]
[SourceQuality "1"]

1. d4 Nf6 2. Nf3 g6 3. g3 Bg7 4. Bg2 0-0 5. 0-0 d5 6. c4 c6 7. cxd5 cxd5 8. Ne5 Ng4 9. Nxg4 Bxg4 10. Nc3 Nc6 11. h3 Bd7 12. Be3 e6 13. Rc1 Rc8 14. b3 a6 15. Na4 Nb4 16. Nc5 b6 17. Nxd7 Qxd7 18. Qd2 Qe7 19. Rfd1 Rfe8 20. Qb2 h5 21. h4 Bf6 22. Bd2 Nc6 23. e3 b5 24. Rc2 Nb4 25. Bxb4 Qxb4 26. Rdc1 Qf8 27. Bf1 Be7 28. Rxc8 Rxc8 29. Rxc8 Qxc8 30. Bd3 1/2-1/2

[Event "EU-Cup Online Gr-H"]
[Site "Tornelo INT"]
[Date "2021.03.28"]
[Round "8.4"]
[White "Coupet, Pascal"]
[Black "Atasoy, Ata"]
[Result "1-0"]
[WhiteElo "2233"]
[BlackElo "1636"]
[PlyCount "57"]
[EventDate "2021.03.27"]
[EventType "team-tourn (rapid)"]
[EventRounds "9"]
[EventCountry "NET"]
[SourceTitle "CBM 201 Extra"]
[Source "ChessBase"]
[SourceDate "2021.05.31"]
[SourceVersion "1"]
[SourceVersionDate "2021.05.31"]
[SourceQuality "1"]
[WhiteTeam "Asnieres II"]
[BlackTeam "Canakkale TSK"]
[WhiteTeamCountry "FRA"]
[BlackTeamCountry "TUR"]

1. e4 c5 2. Nf3 e6 3. c3 d5 4. exd5 Qxd5 5. d4 Nf6 6. Na3 Be7 7. Be3 cxd4 8. Nb5 Na6 9. Bxd4 0-0 10. Be2 Rd8 11. 0-0 Bd7 12. a4 Bxb5 13. axb5 Nc5 14. Ne5 Nb3 15. Bc4 Qxe5 16. Bxe5 Rxd1 17. Raxd1 Nc5 18. Ra1 Nfe4 19. Rfd1 f6 20. Bd4 Kf7 21. b4 Nd7 22. Re1 Rc8 23. Bxe6+ Kxe6 24. Rxe4+ Ne5 25. f4 Kd5 26. Rae1 Nd3 27. Rxe7 Nxe1 28. Rxe1 Kc4 29. Re7 1-0

[Event "TUR Cup"]
[Site "Antalya"]
[Date "2020.01.30"]
[Round "8"]
[White "Atasoy, Ata"]
[Black "Atik, Muhammed Ihsan"]
[Result "1-0"]
[WhiteElo "1527"]
[BlackElo "1585"]
[PlyCount "38"]
[EventDate "2020.01.26"]
[EventType "swiss"]
[EventRounds "11"]
[EventCountry "TUR"]
[SourceTitle "CBM 194 Extra"]
[Source "ChessBase"]
[SourceDate "2020.03.31"]
[SourceVersion "1"]
[SourceVersionDate "2020.03.31"]
[SourceQuality "1"]

1. e4 c5 2. Nc3 e6 3. Nf3 Nc6 4. d4 cxd4 5. Nxd4 Nf6 6. Nxc6 bxc6 7. e5 Nd5 8. Ne4 Qc7 9. f4 Qb6 10. c4 Bb4+ 11. Ke2 Ba6 12. Kf3 Nc7 13. Be3 Qb8 14. Nd6+ Kf8 15. Qa4 Bxd6 16. exd6 Qxb2 17. dxc7 Qxa1 18. Bc5+ Ke8 19. Qxa6 Qc3+ 1-0

[Event "TUR Cup"]
[Site "Antalya"]
[Date "2020.01.27"]
[Round "3"]
[White "Ozata, Doruk"]
[Black "Atasoy, Ata"]
[Result "1-0"]
[WhiteElo "1699"]
[BlackElo "1527"]
[PlyCount "61"]
[EventDate "2020.01.26"]
[EventType "swiss"]
[EventRounds "11"]
[EventCountry "TUR"]
[SourceTitle "CBM 194 Extra"]
[Source "ChessBase"]
[SourceDate "2020.03.31"]
[SourceVersion "1"]
[SourceVersionDate "2020.03.31"]
[SourceQuality "1"]

1. e4 c6 2. d4 d5 3. e5 Bf5 4. h4 h5 5. Bd3 Bxd3 6. Qxd3 e6 7. Nf3 Nd7 8. Rh3 c5 9. Ng5 Qb6 10. Rf3 Nh6 11. Nxf7 Nxf7 12. Qg6 0-0-0 13. Qxf7 cxd4 14. Rb3 Nxe5 15. Rxb6 Nxf7 16. Rxe6 Bc5 17. Bf4 Rhe8 18. Rxe8 Rxe8+ 19. Kf1 Ne5 20. Bxe5 Rxe5 21. Nd2 Kd7 22. Re1 Rf5 23. Nf3 Rf4 24. Ke2 Kd6 25. Kd3 b6 26. Re8 Kd7 27. Rh8 Rf5 28. Ra8 b5 29. Rb8 Kc6 30. b4 Bb6 31. Rg8 1-0

[Event "TUR-ch U13-U18"]
[Site "Antalya"]
[Date "2020.01.24"]
[Round "9"]
[White "Atasoy, Ata"]
[Black "Ozdemir, Serhan Berat"]
[Result "0-1"]
[WhiteElo "1527"]
[BlackElo "2139"]
[PlyCount "54"]
[EventDate "2020.01.19"]
[EventType "swiss"]
[EventRounds "11"]
[EventCountry "TUR"]
[SourceTitle "CBM 195 Extra"]
[Source "ChessBase"]
[SourceDate "2020.05.31"]
[SourceVersion "1"]
[SourceVersionDate "2020.05.31"]
[SourceQuality "1"]

1. e4 c5 2. Nf3 e6 3. d4 cxd4 4. Nxd4 a6 5. c4 Nf6 6. Nc3 Qc7 7. a3 b6 8. Be3 Bb7 9. f3 d6 10. Be2 Be7 11. 0-0 0-0 12. Qd2 Nbd7 13. Rfc1 Rac8 14. b4 Qb8 15. Nb3 Rfe8 16. Kh1 Bd8 17. Rc2 Bc7 18. Bg1 Rcd8 19. a4 d5 20. cxd5 exd5 21. Nxd5 Nxd5 22. exd5 Nf6 23. d6 Bxd6 24. Qe1 Re5 25. Bxb6 Rde8 26. Bc5 Bc7 27. Na5 Bxf3 0-1

[Event "TUR-ch U13-U18"]
[Site "Antalya"]
[Date "2020.01.21"]
[Round "5"]
[White "Can, Furkan"]
[Black "Atasoy, Ata"]
[Result "1-0"]
[WhiteElo "1980"]
[BlackElo "1527"]
[PlyCount "57"]
[EventDate "2020.01.19"]
[EventType "swiss"]
[EventRounds "11"]
[EventCountry "TUR"]
[SourceTitle "CBM 195 Extra"]
[Source "ChessBase"]
[SourceDate "2020.05.31"]
[SourceVersion "1"]
[SourceVersionDate "2020.05.31"]
[SourceQuality "1"]

1. d4 d5 2. Nf3 Nf6 3. Nbd2 g6 4. e3 Bg7 5. b4 0-0 6. c4 dxc4 7. Bxc4 e6 8. 0-0 b6 9. Bb2 Bb7 10. Qe2 Nbd7 11. Rfd1 Ne4 12. Ba6 Bxa6 13. Qxa6 Ng5 14. Nxg5 Qxg5 15. Rac1 Rfc8 16. Ne4 Qe7 17. b5 Qd8 18. Rd2 f5 19. Ng3 Nc5 20. Qa3 a6 21. Qb4 Nb7 22. bxa6 Rxa6 23. Qc4 b5 24. Qxb5 Rxa2 25. Qxb7 Rb8 26. Qc6 Rbxb2 27. Qxe6+ Kh8 28. Rxb2 Rxb2 29. Rxc7 1-0

[Event "TUR-chT 2nd League"]
[Site "Konya"]
[Date "2019.07.25"]
[Round "6.16"]
[White "Atasoy, Ata"]
[Black "Vural, Burak"]
[Result "0-1"]
[WhiteElo "1492"]
[BlackElo "1502"]
[PlyCount "76"]
[EventDate "2019.07.22"]
[EventType "team-swiss"]
[EventRounds "9"]
[EventCountry "TUR"]
[SourceTitle "CBM 191 Extra"]
[Source "ChessBase"]
[SourceDate "2019.09.30"]
[SourceVersion "1"]
[SourceVersionDate "2019.09.30"]
[SourceQuality "1"]
[WhiteTeam "Maras Spor Kulubu"]
[BlackTeam "Hayat Genclik"]
[WhiteTeamCountry "TUR"]
[BlackTeamCountry "TUR"]

1. e4 c5 2. Nf3 d6 3. Bb5+ Bd7 4. Bxd7+ Qxd7 5. c4 Nc6 6. d4 cxd4 7. Nxd4 Nf6 8. Nc3 g6 9. f3 Bg7 10. Be3 0-0 11. 0-0 Rfc8 12. b3 Ne5 13. Qd2 a6 14. Rac1 Rab8 15. a4 Qd8 16. Nce2 Nfd7 17. h3 Nc5 18. Rb1 Nc6 19. Rfd1 a5 20. Nb5 b6 21. Nf4 Rb7 22. h4 Rd7 23. h5 e6 24. hxg6 hxg6 25. Nh3 Qf8 26. Qf2 Nb4 27. Ng5 d5 28. Qh4 Bh6 29. exd5 exd5 30. Kh2 Rc6 31. cxd5 Nxd5 32. Bd4 f6 33. Ne4 Bf4+ 34. Kg1 Rh7 35. Qg4 f5 36. Nf6+ Rxf6 37. Bxf6 fxg4 38. Rxd5 Qxf6 0-1

[Event "TUR-chT 2nd League"]
[Site "Konya"]
[Date "2019.07.23"]
[Round "3.15"]
[White "Durmaz, Ferhat"]
[Black "Atasoy, Ata"]
[Result "0-1"]
[WhiteElo "1572"]
[BlackElo "1492"]
[PlyCount "94"]
[EventDate "2019.07.22"]
[EventType "team-swiss"]
[EventRounds "9"]
[EventCountry "TUR"]
[SourceTitle "CBM 191 Extra"]
[Source "ChessBase"]
[SourceDate "2019.09.30"]
[SourceVersion "1"]
[SourceVersionDate "2019.09.30"]
[SourceQuality "1"]
[WhiteTeam "Seviye Dernegi"]
[BlackTeam "Maras Spor Kulubu"]
[WhiteTeamCountry "TUR"]
[BlackTeamCountry "TUR"]

1. d4 Nf6 2. Nf3 g6 3. c4 Bg7 4. Nc3 d5 5. Bg5 Ne4 6. Bf4 Nxc3 7. bxc3 0-0 8. e3 c5 9. Qd2 Nc6 10. Be2 Re8 11. 0-0 cxd4 12. exd4 Bg4 13. cxd5 Qxd5 14. h3 Bf5 15. Rad1 e5 16. dxe5 Qxd2 17. Rxd2 Nxe5 18. Nxe5 Bxe5 19. Bxe5 Rxe5 20. Bf3 Rb8 21. Rb2 b6 22. c4 Rc8 23. Bd5 Bd3 24. Rd1 Bxc4 25. Bxc4 Rxc4 26. Rd8+ Kg7 27. Ra8 Ra4 28. Rd8 b5 29. Rd7 a5 30. Rc2 b4 31. g4 Re6 32. Rcc7 Rf6 33. Rc2 Ra3 34. Kg2 Rff3 35. h4 Rf4 36. Rcc7 Rxg4+ 37. Kf1 Rf4 38. Rc2 Rxh4 39. Kg2 Rf4 40. Re2 h5 41. Rc7 h4 42. Kh2 Raf3 43. Kg2 h3+ 44. Kh1 Rg4 45. Re5 Ra3 46. Ree7 b3 47. Rb7 bxa2 0-1